| 000 | 00392nam a2200157Ia 4500 | ||
|---|---|---|---|
| 008 | 230917s9999||||xx |||||||||||||| ||und|| | ||
| 040 |
_e73914 _aMAIN |
||
| 041 | _aEnglish | ||
| 082 | _a658.4 H414D | ||
| 100 | _aHerbert, Theodore T | ||
| 245 | 0 | _aDimensions of organizational behaviour | |
| 250 | _a2nd ed. | ||
| 260 |
_aNew York _bMacmillan _c1981 |
||
| 300 | _ax, 513 p. | ||
| 942 | _cBK | ||
| 999 |
_c227892 _d227892 |
||